Essential Communication Skills (Record no. 4942)

MARC details
000 -LEADER
fixed length control field 00320nam a2200133Ia 4500
008 - FIXED-LENGTH DATA ELEMENTS--GENERAL INFORMATION
fixed length control field 191201s2009 xx 000 0 und d
082 ## - DEWEY DECIMAL CLASSIFICATION NUMBER
Classification number 658.45
Item number AGE
100 ## - MAIN ENTRY--PERSONAL NAME
Personal name AGGARWAL,Shalini
245 #0 - TITLE STATEMENT
Title Essential Communication Skills
260 ## - PUBLICATION, DISTRIBUTION, ETC. (IMPRINT)
Place of publication, distribution, etc N. Delhi
Name of publisher, distributor, etc Ane Books
Date of publication, distribution, etc 2009
300 ## - PHYSICAL DESCRIPTION
Extent 181
650 ## - SUBJECT ADDED ENTRY--TOPICAL TERM
Topical term or geographic name as entry element BBA
942 ## - ADDED ENTRY ELEMENTS (KOHA)
Source of classification or shelving scheme Dewey Decimal Classification
Koha item type Text Books
Holdings
Withdrawn status Lost status Source of classification or shelving scheme Damaged status Not for loan Collection code Home library Current library Date acquired Source of acquisition Cost, normal purchase price Bill Number Total Checkouts Full call number Acc. no. / Barcode Date last seen Bill Date Koha item type Date last borrowed
    Dewey Decimal Classification     BBA PIET C-LIBRARY PIET C-LIBRARY 30/07/2011 The book company 180.00 IN-859   658.45 AGE 17966 04/12/2019 27/07/2011 Text Books  
    Dewey Decimal Classification     BBA PIET C-LIBRARY PIET C-LIBRARY 30/07/2011 The book company 180.00 IN-859 1 658.45 AGE 17967 05/02/2024 27/07/2011 Text Books 19/01/2024
    Dewey Decimal Classification     BBA PIET C-LIBRARY PIET C-LIBRARY 30/07/2011 The book company 180.00 IN-859 3 658.45 AGE 17968 05/02/2024 27/07/2011 Text Books 02/02/2024
    Dewey Decimal Classification     BBA PIET C-LIBRARY PIET C-LIBRARY 30/07/2011 The book company 180.00 IN-859 3 658.45 AGE 17969 15/05/2024 27/07/2011 Text Books 02/05/2024
    Dewey Decimal Classification     BBA PIET C-LIBRARY PIET C-LIBRARY 30/07/2011 The book company 180.00 IN-859 5 658.45 AGE 17970 25/11/2024 27/07/2011 Text Books 11/11/2024

Design & Developed by: PIET Central Library
R70 Miles Stone Pattikalyana Samalkha Panipat 132102
mail ID :- [email protected], Phone No:- 0180-2569700 Ex.216